Julius Meinl
| Titel: | Julius Meinl : Im Kafferausch einer altehrwürdigen Firma |
|---|---|
| Verfasser: | |
| In: |
Kontakte und Konflikte, (1993), Seite 355-362 alle Artikel anzeigen |
| Veröffentlicht: | 1993 |
| Format: | Aufsatz |
| Sprache: | Deutsch |
X
alg: 39222287 001A $01999:11-11-16 001B $03025:02-10-25 $t10:05:22.000 001D $01999:11-11-16 001U $0utf8 001X $00 002@ $0Aox 003@ $0392222876 007A $0392222876 $aHEB 007T $0Herdc0042800m 010@ $ager 011@ $a1993 021A $aJulius Meinl $dIm Kafferausch einer altehrwürdigen Firma 028A $aGeršlová $dJana 031A $h355-362 $j1993 039B $aIn $8--Aauc--. Kontakte und Konflikte. - Horn : Waldviertler Heimatbund, 1993. - 553 Seiten. - Illustrationen, Diagramme, Karten. - ISBN 3-900708-10-X $x199300000000000645 $9027138232 044K $7136772609 $8Meinl, Julius$Z1824-1914 [Tp1] $9207242119 045F $a330.09438 $eDDC23BSB 045F/01 $a330.09 045F/03 $g438 lok: 39222287 78 exp: 39222287 78 1 #EPN 201B/01 $021-12-17 $t23:22:02.000 201U/01 $0utf8 203@/01 $0788319132 208@/01 $a11-11-16 $be 209A/01 $a/ $f000 $x00 220C/01 $aTitelaufnehmer: nk;an 220C/01 $aHerkunft: HI Marburg 244Z/01 $2Trx $#Poola $#Lenkija $#Polija $#Polen Land $#Poland $#Lengyelország $#Poľsko $#Polsko $8--Trx--Polska$gkraj $x01 $9391345966 244Z/01 $#Wienn $#Viedeň $#Vinna $#Wiedeń Wien $#Vena $#Wienna $#Vin $#Biennē $#Viennē $#Wīn $#Bécs $#Vídeň $#Vjenë $#Dunaj $#Wenia $#Bundesland Wien $#Land Wien $#Stadt Wien $#Bundeshauptstadt Wien $#Bundesunmittelbare Stadt Wien $#Kaiserlich-Königliche Reichshaupt- und Residenzstadt Wien $#K.K. Reichshaupt- und Residenzstadt Wien $#Reichshaupt- und Residenzstadt Wien $#Reichsgau Wien $#Vienna $#Vienne Österreich $#Beč $#Viena $#Bécs $#Vindobona Wien $#Vienna Pannoniae $#Vindobona $#Vienna Austriae $#Vienne $#Gemeinde Wien $#Vienna Fluviorum $74066009-6 $8--Tgz--Wien $x02 $9085185515 244Z/01 $aGeschichte 1824-1935 $x03 244Z/01 $2Trx $8--Trx--Meinl, Julius I.$Z1824-1914 $x04 $9390939633 244Z/01 $2Trx $#kaubavahetus üldiselt $#prekyba bendras $#trade $#kereskedelem általános $#handel ogólnie $#obchod všeobecne $#obchod všeobecně $#Gewerbe $#remeslo, živnosť $8--Trx--Handel$gallgemein $x05 $9391373781 244Z/01 $2Trx $#firmad $#įmonės $#companies $#cégek $#przedsiębiorstwa $#firmy $#dějiny podniků $#Unternehmen $#podniky $8--Trx--Firmen $x06 $9391368273 244Z/01 $2Trx $#ettevõtjad $#verslininkai $#entrepreneurs $#vállalkozó $#przedsiębiorcy $#podnikatelia $#podnikatelé $8--Trx--Unternehmer $x07 $9391382802 244Z/01 $2Trx $8--Trx--Einzelbeiträge $x08 $9391384570 245Z/01 $a09.04 $x01 247C/01 $82080>Marburg/Lahn, Herder-Institut, Forschungsbibliothek, Bibliographieportal $9336309341
| LEADER | 00000caa a22000002c 4500 | ||
|---|---|---|---|
| 001 | 392222876 | ||
| 003 | DE-603 | ||
| 005 | 20251002100522.0 | ||
| 007 | tu | ||
| 008 | 161111s1993 xx |||| | u00||u|ger c | ||
| 035 | |a (DE-599)HEB392222876 | ||
| 040 | |a DE-603 |b ger |c DE-603 |d DE-603 | ||
| 041 | |a ger | ||
| 082 | 0 | 4 | |8 1\u |a 330.09438 |q DE-101 |2 23/BSB |
| 085 | |8 1\u |b 330.09 | ||
| 085 | |8 1\u |z 2 |s 438 | ||
| 100 | 1 | |a Geršlová, Jana | |
| 245 | 0 | 0 | |a Julius Meinl |b Im Kafferausch einer altehrwürdigen Firma |
| 264 | 0 | |c 1993 | |
| 600 | 1 | 7 | |a Meinl, Julius |d 1824-1914 |0 (DE-588)136772609 |0 (DE-603)207242119 |2 gnd |
| 773 | 0 | 8 | |i In |t Kontakte und Konflikte |d Horn : Waldviertler Heimatbund, 1993 |h 553 Seiten, Illustrationen, Diagramme, Karten |z 390070810X |g (1993), Seite 355-362 |w (DE-603)027138232 |
| 924 | 0 | |9 2080 |a (DE-603)788319132 |b DE-2080 |c HES |d d |g / | |


